000 01065nam a22003497a 4500
003 CHAP
005 20220617062539.0
008 971013s1986 r 00010 d
010 _a68037
011 _a69009
035 _a78483
040 _cCHAP
082 _a664.1
_bH83 1986
100 0 0 _aHugot, E.
_956814
245 _aHandbook of cane sugar engineering
250 _a3 ed.
260 _aAmsterdam :
_bElsevier,
_c1986
300 _a1166 p.
_b: ilus.
490 _aSugar series
_v; 7
500 _a26-168
590 _aBATCH-UPD
_b10
_c20130110
_lUCH01
_h0045
590 _aBATCH-UPD
_b10
_c20130110
_lUCH01
_h0829
590 _aBATCH-UPD
_b10
_c20130409
_lUCH01
_h2031
590 _aBATCH-UPD
_b10
_c20130914
_lUCH01
_h0511
590 _aCONVERSION
_b10
_c20130109
_lUCH01
_h1337
650 1 4 _aAzúcar
_xFabricación y refinación.
_99152
650 1 3 _aIndustria azucarera
_957780
830 0 _aSugar series
_v; 7
_9110594
901 _aBK
942 _cLIBRO
949 _a664.1 H83 1986
_bBC
_cLIBRO
_d33724000115655
_eLIBRO
_gI.136125
_h70688
_i78483
_si
_t294.06
999 _c68037
_d68037